00602nam a2200181Ia 4500952013100000999001700131003000400148005001700152008004100169040000900210082002200219100002500241245004300266260003900309300000900348650001300357942005000370 00102ddc40708SSaMESbMEScMALd2019-02-20g70.00l0o894.812301 PON/Tp33808r2019-02-20 00:00:00w2019-02-20yBKzGR30R3 c29495d29495OSt20210101103934.0190216s9999||||xx |||||||||||||| ||und|| coclc a894.812301bPON/T aPonnappan, K K98056 0aThelivukal Thedi Oral /cK K Ponnappan bHaritham Books,aKozhikode:c2009. a114p aKathakal cBK2ddch894.812301iPON/Tk894.812301mPON/T